| 000 | 00307nam a22001217a 4500 | ||
|---|---|---|---|
| 020 | _a 9781471172779 | ||
| 040 | _cNUST | ||
| 082 |
_a823-CH _bRUS |
||
| 100 |
_aRachel Renee Russell _981934 |
||
| 245 |
_aDork diaries _bBirthday Drama |
||
| 260 |
_aUK : _bSimon And Schuster UK Ltd, _c2018. |
||
| 942 |
_2ddc _cBK |
||
| 999 |
_c586374 _d586374 |
||